[Event "European Hybrid Swiss TB"]
[Site "Tornelo INT"]
[Date "2021.05.30"]
[Round "8.3"]
[White "Ponkratov, Pavel"]
[Black "Esipenko, Andrey"]
[Result "1/2-1/2"]
[WhiteTitle "GM"]
[BlackTitle "GM"]
[WhiteElo "2624"]
[BlackElo "2701"]
[WhiteFideId "4157800"]
[BlackFideId "24175439"]
[EventDate "2021.05.30"]

1. e4 e5 2. Nf3 Nc6 3. d4 exd4 4. Nxd4 Nf6 5. Nxc6 bxc6 6. e5 Qe7 7. Qe2 Nd5 8.
h4 f6 9. exf6 Nxf6 10. Rh3 Qxe2+ 11. Bxe2 d5 12. Re3+ Kf7 13. Nd2 Bd6 14. Nf3 c5
15. Ng5+ Kg8 16. Bf3 h6 17. Nh3 Bf5 18. Re2 Kf7 19. Nf4 c6 20. h5 Rhe8 21. Kd1
Rxe2 22. Nxe2 Re8 23. Bd2 Ng4 24. Bxg4 Bxg4 25. f3 Bxh5 26. Nf4 Bg6 27. Nxg6
Kxg6 28. a4 h5 29. c4 d4 30. Ra3 Rb8 31. Kc2 Kf5 32. Ra1 Bg3 33. Rh1 g6 34. Rb1
Bf4 35. Ba5 Re8 36. Re1 Rxe1 37. Bxe1 g5 38. Kd3 g4 39. fxg4+ Kxg4 40. Ke4 Bc7
41. b3 Bf4 42. Kd3 Bg3 43. Ba5 Bd6 44. Be1 Kf4 45. Bh4 Kf5 46. Be1 Be7 47. Ba5
Kg4 48. Bc7 Bg5 49. Bd6 Bf4 50. Bxc5 Kg3 51. Bxd4 Kxg2 52. Bf6 Bd6 53. Kd4 Kg3
54. c5 Bc7 55. b4 a6 56. Kc4 h4 57. Bxh4+ Kxh4 58. b5 axb5+ 59. axb5 cxb5+ 60.
Kxb5 Kg5 61. c6 1/2-1/2

[Event "European Hybrid Swiss TB"]
[Site "Tornelo INT"]
[Date "2021.05.30"]
[Round "8.4"]
[White "Matlakov, Maxim"]
[Black "Martirosyan, Haik M."]
[Result "1/2-1/2"]
[WhiteTitle "GM"]
[BlackTitle "GM"]
[WhiteElo "2688"]
[BlackElo "2637"]
[WhiteFideId "4168003"]
[BlackFideId "13306553"]
[EventDate "2021.05.30"]

1. e4 e5 2. Nf3 Nc6 3. Bb5 Nf6 4. O-O Nxe4 5. d4 Nd6 6. Ba4 e4 7. Ne5 Be7 8. Nc3
O-O 9. Re1 a6 10. Nxe4 Nxe5 11. dxe5 Nxe4 12. Rxe4 d5 1/2-1/2

[Event "European Hybrid Swiss TB"]
[Site "Tornelo INT"]
[Date "2021.05.30"]
[Round "8.5"]
[White "Predke, Alexandr"]
[Black "Motylev, Alexander"]
[Result "1/2-1/2"]
[WhiteTitle "GM"]
[BlackTitle "GM"]
[WhiteElo "2690"]
[BlackElo "2641"]
[WhiteFideId "24107581"]
[BlackFideId "4121830"]
[EventDate "2021.05.30"]

1. d4 Nf6 2. c4 e6 3. Nf3 d5 4. g3 Be7 5. Bg2 O-O 6. O-O c6 7. Qc2 b6 8. Bg5 h6
9. Bxf6 Bxf6 10. Nbd2 Ba6 11. Rfd1 1/2-1/2

[Event "European Hybrid Swiss TB"]
[Site "Tornelo INT"]
[Date "2021.05.30"]
[Round "8.6"]
[White "Nguyen, Thai Dai Van"]
[Black "Sjugirov, Sanan"]
[Result "1/2-1/2"]
[WhiteTitle "GM"]
[BlackTitle "GM"]
[WhiteElo "2577"]
[BlackElo "2663"]
[WhiteFideId "358878"]
[BlackFideId "4189302"]
[EventDate "2021.05.30"]

1. d4 Nf6 2. c4 g6 3. Nc3 d5 4. cxd5 Nxd5 5. e4 Nxc3 6. bxc3 Bg7 7. Nf3 c5 8.
Bb5+ Nd7 9. O-O a6 10. Bd3 O-O 11. Be3 b5 12. a4 Bb7 13. Rb1 c4 14. Bc2 Qa5 15.
Bc1 Rfd8 16. Ba3 e5 17. Bb4 Qc7 18. axb5 axb5 19. d5 Nc5 20. Qd2 Ra2 21. Qe3 Na6
22. Rfc1 Nxb4 23. Rxb4 Ba6 24. Rbb1 Ra8 25. Ra1 Bc8 26. Rxa2 Rxa2 27. Bd1 Bf8
28. Rc2 Ra1 29. Rc1 Ra2 30. Rc2 Rxc2 31. Bxc2 f6 32. Qd2 Bd6 33. h4 Qa5 34. h5
Kg7 35. Qe3 b4 36. cxb4 Bxb4 37. Qe2 Qa2 38. hxg6 hxg6 39. Kh2 Bd7 40. Bd3 Qxe2
41. Bxe2 c3 42. Ne1 f5 43. Nc2 Bc5 44. f3 Kf6 45. Bd3 f4 46. g3 fxg3+ 47. Kxg3
Kg5 48. Ne1 Be3 49. Bc2 Bf4+ 50. Kf2 Bd2 51. Nd3 Kf6 52. Nc5 Bb5 53. Nb3 Ke7 54.
Nxd2 cxd2 55. Ke3 Kd6 56. Kxd2 g5 57. Ke3 Kc5 58. Bd3 Bd7 59. Bf1 Bc8 60. Be2
Bd7 61. Kf2 Kd4 62. Kg3 Ke3 63. Bf1 g4 64. fxg4 Kxe4 65. Bg2+ Kd4 66. g5 e4 67.
d6 Ke5 68. Bxe4 Kxd6 69. g6 Ke7 70. g7 Kf7 71. g8=Q+ Kxg8 1/2-1/2

[Event "European Hybrid Swiss TB"]
[Site "Tornelo INT"]
[Date "2021.05.30"]
[Round "8.8"]
[White "Tomashevsky, Evgeny"]
[Black "Zvjaginsev, Vadim"]
[Result "1-0"]
[WhiteTitle "GM"]
[BlackTitle "GM"]
[WhiteElo "2706"]
[BlackElo "2614"]
[WhiteFideId "4147235"]
[BlackFideId "4113403"]
[EventDate "2021.05.30"]

1. c4 e5 2. g3 d6 3. Bg2 Be7 4. Nc3 f5 5. d3 Nf6 6. Nf3 O-O 7. O-O Qe8 8. d4 Nc6
9. d5 Nb8 10. c5 Na6 11. cxd6 cxd6 12. b3 Qh5 13. e3 Nc5 14. Ba3 b6 15. Nxe5 Ba6
16. Nc6 Bxf1 17. Qxh5 Nxh5 18. Nxe7+ Kf7 19. Nxf5 Bxg2 20. Kxg2 Rad8 21. Bxc5
dxc5 22. e4 Nf6 23. f3 a6 24. a4 g5 25. Ne3 Rfe8 26. Nc4 g4 27. Nxb6 gxf3+ 28.
Kxf3 Nd7 29. Nc4 Ne5+ 30. Kf4 Nd3+ 31. Kf3 Ne5+ 32. Kf4 Nd3+ 33. Ke3 Ne5 34.
Rf1+ Kg6 35. Nxe5+ Rxe5 36. Kd3 Ree8 37. Kc4 Rb8 38. d6 Re5 39. Nd5 Rxe4+ 40.
Kxc5 Rc8+ 41. Kb6 Rb8+ 42. Kc7 Rxb3 43. d7 Rc4+ 44. Kd6 Rb8 45. Re1 Rd8 46. Re8
Rxd7+ 47. Kxd7 Rxa4 48. Re5 Ra2 49. Nf4+ Kf6 50. Rh5 a5 51. Kc6 a4 52. Kb5 Kg7
53. Kb4 Ra1 54. Rh4 a3 55. Kb3 h6 56. Nd3 Kg6 57. Nb4 1-0

[Event "European Hybrid Swiss TB"]
[Site "Tornelo INT"]
[Date "2021.05.30"]
[Round "8.9"]
[White "Cheparinov, Ivan"]
[Black "Ivanisevic, Ivan"]
[Result "0-1"]
[WhiteTitle "GM"]
[BlackTitle "GM"]
[WhiteElo "2667"]
[BlackElo "2606"]
[WhiteFideId "2905540"]
[BlackFideId "912417"]
[EventDate "2021.05.30"]

1. e4 e5 2. Nf3 Nc6 3. Bb5 Bc5 4. c3 a6 5. Ba4 Ba7 6. d4 exd4 7. cxd4 d6 8. h3
Ne7 9. O-O O-O 10. Nc3 f5 11. d5 Ne5 12. Nxe5 dxe5 13. Bb3 Kh8 14. Be3 f4 15.
Bxa7 Rxa7 16. f3 Ng6 17. Rf2 Rf6 18. Na4 b6 19. Rc1 Bd7 20. d6 Rxd6 21. Rd2 Bxa4
22. Rxd6 cxd6 23. Bxa4 Rc7 24. Bb3 Nh4 25. Kf1 h6 26. Qd2 Kh7 27. Rd1 Qg5 28.
Qf2 Rc6 29. Bd5 Rc5 30. Bb3 Qg3 31. Rxd6 Rc1+ 32. Rd1 Rxd1+ 33. Bxd1 a5 34. Bb3
h5 35. Be6 g6 36. Bb3 Kg7 37. Bd1 Qxf2+ 38. Kxf2 Kf6 39. a3 g5 40. Ba4 g4 41.
fxg4 hxg4 42. hxg4 Kg5 43. Bd7 Ng6 44. Bf5 Ne7 45. Bd7 Kh4 46. Kf3 Ng8 47. Be6
Nf6 48. Bf5 Ne8 49. Bd7 Nc7 50. Kf2 Na6 51. Kf3 Nc5 52. Bf5 Na4 53. b3 Nc5 54.
b4 axb4 55. axb4 Nb3 56. Kf2 Nd4 57. Bd7 Nc2 58. b5 Nd4 59. Kf1 Nc2 60. Ke2 Ne3
61. Kf3 Nf1 62. Kf2 Nh2 63. g5 Kxg5 64. Kg1 Ng4 65. Bxg4 Kxg4 66. Kf2 Kh4 67.
Kf3 Kh5 68. Ke2 Kg5 69. Kf3 Kh4 70. Ke2 Kg3 71. Kf1 f3 72. Kg1 Kf4 0-1

[Event "European Hybrid Swiss TB"]
[Site "Tornelo INT"]
[Date "2021.05.30"]
[Round "8.10"]
[White "Lupulescu, Constantin"]
[Black "Jobava, Baadur"]
[Result "0-1"]
[WhiteTitle "GM"]
[BlackTitle "GM"]
[WhiteElo "2656"]
[BlackElo "2603"]
[WhiteFideId "1207822"]
[BlackFideId "13601520"]
[EventDate "2021.05.30"]

1. d4 d5 2. Nf3 c6 3. c4 Nf6 4. e3 Bf5 5. Nc3 e6 6. Nh4 Bg6 7. Nxg6 hxg6 8. Qc2
Nbd7 9. Bd2 Bb4 10. Bd3 O-O 11. a3 Bxc3 12. Bxc3 a5 13. b3 Qe7 14. O-O Rfc8 15.
b4 axb4 16. Bxb4 Qe8 17. cxd5 exd5 18. Rfc1 Qe6 19. a4 b6 20. Be1 c5 21. Bb5 c4
22. Bb4 g5 23. Re1 g4 24. f3 Nf8 25. Bxf8 Kxf8 26. e4 gxf3 27. gxf3 dxe4 28.
fxe4 c3 29. e5 Nd5 30. Qh7 Qg4+ 31. Kh1 c2 32. Bf1 Rxa4 33. Rac1 Nf4 34. Rxc2
Rxc2 35. Qxc2 Rxd4 36. Qc3 Rd3 37. Qb4+ Kg8 38. Qxb6 Qf3+ 39. Kg1 Rd2 40. Qe3
Rg2+ 41. Kh1 Ne2 42. Bxe2 Rxh2+ 0-1

[Event "European Hybrid Swiss TB"]
[Site "Tornelo INT"]
[Date "2021.05.30"]
[Round "8.12"]
[White "Alekseev, Evgeny"]
[Black "Savchenko, Boris"]
[Result "1-0"]
[WhiteTitle "GM"]
[BlackTitle "GM"]
[WhiteElo "2617"]
[BlackElo "2538"]
[WhiteFideId "4138147"]
[BlackFideId "4147332"]
[EventDate "2021.05.30"]

1. e4 c5 2. Nf3 d6 3. Bb5+ Bd7 4. Bxd7+ Qxd7 5. c4 e5 6. Nc3 Be7 7. d3 Nc6 8. a3
Bd8 9. O-O Nge7 10. Rb1 O-O 11. b4 Ng6 12. bxc5 dxc5 13. Nd5 Rc8 14. Be3 b6 15.
Nd2 h6 16. Qh5 Kh7 17. Qe2 Nce7 18. Ra1 Bc7 19. a4 Nf4 20. Bxf4 exf4 21. a5 Rfe8
22. axb6 axb6 23. Qd1 Nc6 24. Nf3 Qd6 25. Rb1 Rb8 26. Qc2 Bd8 27. Rfe1 g5 28. e5
Qg6 29. Re4 g4 30. Nxf4 Qf5 31. Qa4 Rc8 32. Nd2 Rxe5 33. Nd5 Nd4 34. Rbe1 Rxe4
35. Nxe4 Rc6 36. Qa8 Qd7 37. Ra1 Rc8 38. Nef6+ 1-0

[Event "European Hybrid Swiss TB"]
[Site "Tornelo INT"]
[Date "2021.05.30"]
[Round "8.13"]
[White "Kozak, Adam"]
[Black "Yilmaz, Mustafa"]
[Result "1-0"]
[WhiteTitle "GM"]
[BlackTitle "GM"]
[WhiteElo "2518"]
[BlackElo "2630"]
[WhiteFideId "753246"]
[BlackFideId "6302718"]
[EventDate "2021.05.30"]

1. d4 Nf6 2. c4 e6 3. Nf3 d5 4. Nc3 Bb4 5. cxd5 exd5 6. Bg5 h6 7. Bxf6 Qxf6 8.
e3 O-O 9. Qb3 c5 10. a3 Bxc3+ 11. Qxc3 c4 12. b3 Be6 13. Ne5 Nd7 14. bxc4 dxc4
15. Nxd7 Bxd7 16. Bxc4 Rac8 17. Qb3 Qc6 18. Bd5 Qb5 19. Qxb5 Bxb5 20. Kd2 b6 21.
Rhc1 Rfd8 22. Bb7 Rxc1 23. Rxc1 Rd7 24. Rc8+ Kh7 25. Bc6 Bxc6 26. Rxc6 Rd5 27.
Kd3 Ra5 28. Rc3 f5 29. f3 Kg6 30. e4 fxe4+ 31. fxe4 Kf6 32. e5+ Kf5 33. g4+ Ke6
34. Ke4 Ra4 35. Rc7 g5 36. Rh7 b5 37. Rxh6+ Ke7 38. Kf5 Rxd4 39. Rh7+ Kd8 40.
Rxa7 Rd2 41. Kxg5 Rxh2 42. Kf6 Rf2+ 43. Ke6 Rg2 44. Rd7+ Ke8 45. Rd4 Rg3 46. Rb4
Rxa3 47. Rxb5 Kf8 48. Kf6 Rf3+ 49. Kg6 Ke7 50. g5 Rg3 51. Rb6 Rg1 52. Kh6 Kf7
53. g6+ Ke7 54. g7 Rh1+ 55. Kg6 Rg1+ 56. Kh7 Rh1+ 57. Rh6 1-0

[Event "European Hybrid Swiss TB"]
[Site "Tornelo INT"]
[Date "2021.05.30"]
[Round "8.14"]
[White "Svane, Rasmus"]
[Black "Teclaf, Pawel"]
[Result "1-0"]
[WhiteTitle "GM"]
[BlackTitle "IM"]
[WhiteElo "2615"]
[BlackElo "2502"]
[WhiteFideId "4657101"]
[BlackFideId "1185934"]
[EventDate "2021.05.30"]

1. Nf3 c5 2. c4 g6 3. d4 cxd4 4. Nxd4 Nf6 5. Nc3 Nc6 6. g3 d6 7. Bg2 Bd7 8. b3
Bg7 9. Bb2 O-O 10. O-O Nxd4 11. Qxd4 Bc6 12. Nd5 Bxd5 13. Bxd5 Ne8 14. Qd2 Bxb2
15. Qxb2 Rb8 16. a4 a5 17. Rad1 Qb6 18. Rd3 Nf6 19. Bf3 Nd7 20. Qc3 Qb4 21. Qc2
Ne5 22. Rd5 Qb6 23. Qc3 Nxf3+ 24. exf3 Ra8 25. h4 Rfc8 26. h5 Rc5 27. h6 f6 28.
Qe3 Qc7 29. Qe6+ Kf8 30. Re1 Rxd5 31. cxd5 Re8 32. Re3 Qc8 33. Qe4 Qd7 34. Kg2
Rc8 35. b4 axb4 36. Qxb4 Rc5 37. Qb3 Qc7 38. Re4 Rc2 39. Qe3 Rc5 40. Rb4 Qd7 41.
Qb3 Rc7 42. a5 Kf7 43. Rb5 Kf8 44. Rb6 Kf7 45. a6 bxa6 46. Rxa6 Rb7 47. Qe3 Qf5
48. Ra8 g5 49. Rh8 Rc7 50. g4 Qxd5 51. Rxh7+ Kg6 52. Rh8 e5 53. Qb6 1-0

[Event "European Hybrid Swiss TB"]
[Site "Tornelo INT"]
[Date "2021.05.30"]
[Round "8.15"]
[White "Can, Emre"]
[Black "Anton Guijarro, David"]
[Result "1/2-1/2"]
[WhiteTitle "GM"]
[BlackTitle "GM"]
[WhiteElo "2569"]
[BlackElo "2673"]
[WhiteFideId "6302181"]
[BlackFideId "2285525"]
[EventDate "2021.05.30"]

1. d4 Nf6 2. c4 e6 3. Nf3 d5 4. g3 dxc4 5. Bg2 c6 6. O-O b5 7. a4 Bb7 8. Ne5 a6
9. Nc3 Be7 10. axb5 axb5 11. Rxa8 Bxa8 12. Nxb5 cxb5 13. Bxa8 O-O 14. Bg2 Qc7
15. Bf4 Bd6 16. e4 Rd8 17. Qe2 Nfd7 18. Nxd7 Qxd7 19. e5 Bf8 20. Rd1 Nc6 21. d5
exd5 22. Rxd5 Qe8 23. Qd1 Rxd5 24. Qxd5 Nb4 25. Qb7 g5 26. Bd2 Qxe5 27. Bc3 Qc5
28. Be4 Qe7 29. Qc8 Qe6 30. Qd8 Qxe4 31. Bxb4 Qb1+ 32. Kg2 Qe4+ 33. Kg1 Qb1+ 34.
Kg2 Qe4+ 35. Kg1 1/2-1/2

[Event "European Hybrid Swiss TB"]
[Site "Tornelo INT"]
[Date "2021.05.30"]
[Round "8.16"]
[White "Martinovic, Sasa"]
[Black "Krasenkow, Michal"]
[Result "1/2-1/2"]
[WhiteTitle "GM"]
[BlackTitle "GM"]
[WhiteElo "2548"]
[BlackElo "2597"]
[WhiteFideId "14509792"]
[BlackFideId "1113100"]
[EventDate "2021.05.30"]

1. d4 d5 2. c4 e6 3. Nf3 c6 4. e3 f5 5. Be2 Nf6 6. O-O Bd6 7. b3 Qe7 8. a4 a5 9.
Ba3 Bxa3 10. Nxa3 b6 11. Nc2 O-O 12. Nce1 Na6 13. Ne5 Bb7 14. N1d3 c5 15. Bf3
Rfd8 16. Qe2 Ne4 17. Rac1 dxc4 18. Nxc4 cxd4 19. exd4 Rxd4 20. Nxb6 Rad8 21. Ne5
Nd2 22. Rfe1 Nxb3 23. Nc6 Bxc6 24. Rxc6 Nac5 25. Nc4 Ne4 26. g3 Qb4 27. Rb1 Qxa4
28. Rc7 Qb4 29. Bxe4 Rxe4 30. Qh5 Rf8 31. Ne3 a4 32. Qg5 Qd4 33. Rd1 h6 34. Rxd4
hxg5 35. Rdd7 Ra8 36. Rxg7+ Kf8 37. Rh7 Kg8 38. Rhg7+ Kh8 39. Rxg5 Ra6 40. Rh5+
Kg8 41. Rg5+ Kh8 42. Rh5+ Kg8 43. Rg5+ Kh8 1/2-1/2

[Event "European Hybrid Swiss TB"]
[Site "Tornelo INT"]
[Date "2021.05.30"]
[Round "8.17"]
[White "Paichadze, Luka"]
[Black "Braun, Arik"]
[Result "1-0"]
[WhiteTitle "GM"]
[BlackTitle "GM"]
[WhiteElo "2565"]
[BlackElo "2609"]
[WhiteFideId "13602934"]
[BlackFideId "4663527"]
[EventDate "2021.05.30"]

1. e4 c6 2. d4 d5 3. e5 Bf5 4. h4 Qb6 5. Nc3 h5 6. Bd3 Qxd4 7. Nf3 Qg4 8. O-O
Bxd3 9. Qxd3 e6 10. Bg5 Be7 11. Ne2 Nd7 12. Ned4 Bxg5 13. Nxg5 Ne7 14. f4 Nf5
15. Nxf5 Qxf5 16. Qa3 c5 17. c4 O-O 18. cxd5 exd5 19. Qf3 d4 20. Qxh5 Rae8 21.
g4 Qg6 22. Qxg6 fxg6 23. Kg2 c4 24. Kg3 Nc5 25. a4 Nb3 26. Rad1 d3 27. Nf3 Rd8
28. e6 Rd6 29. Rfe1 Nc5 30. Ng5 Nxa4 31. Rd2 b5 32. h5 gxh5 33. f5 Nc5 34. Re5
Nb3 35. Rd1 Nd4 36. Ne4 Ne2+ 37. Kf3 hxg4+ 38. Kxg4 Rd4 39. Kg5 b4 40. f6 gxf6+
41. Nxf6+ Rxf6 42. Kxf6 Rf4+ 43. Kg5 Kf8 44. e7+ Ke8 45. Rh1 1-0

[Event "European Hybrid Swiss TB"]
[Site "Tornelo INT"]
[Date "2021.05.30"]
[Round "9.1"]
[White "Indjic, Aleksandar"]
[Black "Ponkratov, Pavel"]
[Result "0-1"]
[WhiteTitle "GM"]
[BlackTitle "GM"]
[WhiteElo "2607"]
[BlackElo "2624"]
[WhiteFideId "911925"]
[BlackFideId "4157800"]
[EventDate "2021.05.30"]

1. d4 Nf6 2. c4 e6 3. Nc3 Bb4 4. Qc2 d5 5. a3 Bxc3+ 6. Qxc3 O-O 7. Bg5 c5 8.
dxc5 d4 9. Qc2 Nbd7 10. b4 a5 11. Rb1 h6 12. Bc1 axb4 13. axb4 e5 14. e4 Nxe4
15. Qxe4 Nf6 16. Qc2 e4 17. Bb2 d3 18. Qc3 Re8 19. Nh3 Bf5 20. Nf4 d2+ 21. Qxd2
Qxd2+ 22. Kxd2 e3+ 23. fxe3 Bxb1 24. Be2 Be4 25. Bf3 Ra2 26. Bxe4 Rxe4 27. Kc2
Rxe3 28. Nd3 Rxd3 29. Kxd3 Rxb2 30. Kc3 Rxg2 31. b5 Ne4+ 32. Kd4 Rg4 33. c6 bxc6
34. bxc6 Ng5+ 35. Kc3 Ne4+ 36. Kd4 Nd2+ 37. Kd5 Rxc4 38. Re1 Rc2 39. Re2 Kh7 40.
Rf2 Kg6 41. h3 f5 42. h4 Kf6 43. h5 Kg5 44. Rg2+ Kxh5 45. Rxg7 f4 46. c7 f3 47.
Rf7 Kg4 48. Rg7+ Kh4 49. Kd4 f2 50. Kd3 Rxc7 0-1

[Event "European Hybrid Swiss TB"]
[Site "Tornelo INT"]
[Date "2021.05.30"]
[Round "9.2"]
[White "Artemiev, Vladislav"]
[Black "Matlakov, Maxim"]
[Result "1/2-1/2"]
[WhiteTitle "GM"]
[BlackTitle "GM"]
[WhiteElo "2709"]
[BlackElo "2688"]
[WhiteFideId "24101605"]
[BlackFideId "4168003"]
[EventDate "2021.05.30"]

1. Nf3 d5 2. e3 Nf6 3. c4 e6 4. Nc3 Be7 5. b3 O-O 6. Bb2 dxc4 7. Bxc4 c5 8. d4
cxd4 9. Nxd4 a6 10. Be2 e5 11. Nf3 Nc6 12. Qb1 g6 13. O-O Bf5 14. e4 Bg4 15. Rd1
Qc7 16. Nd5 Nxd5 17. exd5 Bxf3 18. Bxf3 Nd4 19. Bxd4 exd4 20. Qd3 Qd6 1/2-1/2

[Event "European Hybrid Swiss TB"]
[Site "Tornelo INT"]
[Date "2021.05.30"]
[Round "9.4"]
[White "Martirosyan, Haik M."]
[Black "Deac, Bogdan-Daniel"]
[Result "1-0"]
[WhiteTitle "GM"]
[BlackTitle "GM"]
[WhiteElo "2637"]
[BlackElo "2627"]
[WhiteFideId "13306553"]
[BlackFideId "1226380"]
[EventDate "2021.05.30"]

1. d4 Nf6 2. c4 e6 3. Nf3 d5 4. Nc3 dxc4 5. e4 Bb4 6. Bg5 h6 7. Bxf6 Qxf6 8.
Bxc4 c5 9. O-O cxd4 10. e5 Qd8 11. Ne4 O-O 12. Qe2 Be7 13. Rfd1 Qc7 14. Rac1 Rd8
15. Bxe6 Nc6 16. Bb3 Bg4 17. h3 Bh5 18. e6 fxe6 19. Bxe6+ Kh8 20. Ng3 Bxf3 21.
Qxf3 Rf8 22. Qd3 Bg5 23. Rc2 Qb6 24. Re2 Nb4 25. Qxd4 Rad8 26. Bd7 Qxd4 27. Rxd4
Nxa2 28. Ne4 Be7 29. Red2 Nb4 30. g3 Na6 31. Rd5 Nb4 32. Re5 Bf6 33. Nxf6 Rxf6
34. Bf5 Rdf8 35. Be4 Nc6 36. Rb5 R6f7 37. f4 Re7 38. Bf3 g6 39. h4 Kg7 40. Kf2
Rf6 41. h5 a6 42. Rc5 gxh5 43. Rxh5 b5 44. Rc5 Na5 45. Rd8 Nb7 46. Bxb7 Rxb7 47.
Rcc8 Kg6 48. Kf3 a5 49. g4 Rfb6 50. Rg8+ Kh7 51. Rh8+ Kg7 52. Rcg8+ Kf7 53. Ra8
Kg7 54. Rhd8 a4 55. Kg3 Rc6 56. Rg8+ Kh7 57. Rh8+ Kg7 58. f5 Rbc7 59. Rag8+ Kf7
60. Rb8 Kg7 61. Rhe8 Rc5 62. Rg8+ Kh7 63. Rh8+ Kg7 64. Rbg8+ Kf7 65. Rg6 a3 66.
bxa3 Rc3+ 67. Kh4 Rc1 68. Rh7+ Kf8 69. Rxc7 Rxc7 70. Rxh6 1-0

[Event "European Hybrid Swiss TB"]
[Site "Tornelo INT"]
[Date "2021.05.30"]
[Round "9.5"]
[White "Ivanisevic, Ivan"]
[Black "Tomashevsky, Evgeny"]
[Result "0-1"]
[WhiteTitle "GM"]
[BlackTitle "GM"]
[WhiteElo "2606"]
[BlackElo "2706"]
[WhiteFideId "912417"]
[BlackFideId "4147235"]
[EventDate "2021.05.30"]

1. d4 Nf6 2. c4 e6 3. Nc3 Bb4 4. e3 b6 5. Bd3 Bb7 6. Ne2 Ne4 7. O-O Nxc3 8. bxc3
Be7 9. e4 Nc6 10. f4 Ba6 11. f5 e5 12. Ng3 Bf6 13. Qe2 Qe7 14. Nh5 exd4 15.
Nxf6+ gxf6 16. cxd4 Nxd4 17. Qe3 Nc6 18. Bb2 Ne5 19. Be2 Bb7 20. Rf4 d6 21. Rh4
O-O-O 22. Rf1 Rdg8 23. Rh6 Rg7 24. Rf4 Rhg8 25. g3 Ng4 26. Bxg4 Rxg4 27. Bxf6
Qe8 28. Rxh7 Rxf4 29. Qxf4 Bxe4 30. Qe3 Qc6 31. Rxf7 Qxc4 32. Re7 Bxf5 33. Qf3
Qc5+ 34. Kg2 Kb8 35. Re3 Bc8 36. Rc3 Qb5 37. Qd3 Bb7+ 38. Kg1 Qe8 39. Rc1 Rf8
40. Bg7 Rf7 41. Bh6 Qe6 42. Bf4 Qxa2 43. Qc2 Qe6 44. Qd3 Qa2 45. Qd2 Qb3 46. Re1
a5 47. Re3 Qc4 48. Kf2 Qc6 49. Ke2 Qg2+ 50. Kd1 Qh1+ 51. Kc2 a4 52. h4 Qc6+ 53.
Rc3 Qe4+ 54. Kc1 Qb4 55. h5 a3 56. h6 Be4 57. Rc2 Qa4 58. Rc3 a2 59. Qxd6 a1=Q+
60. Kd2 cxd6 61. Bxd6+ Kb7 0-1

[Event "European Hybrid Swiss TB"]
[Site "Tornelo INT"]
[Date "2021.05.30"]
[Round "9.6"]
[White "Jobava, Baadur"]
[Black "Predke, Alexandr"]
[Result "1/2-1/2"]
[WhiteTitle "GM"]
[BlackTitle "GM"]
[WhiteElo "2603"]
[BlackElo "2690"]
[WhiteFideId "13601520"]
[BlackFideId "24107581"]
[EventDate "2021.05.30"]

1. d4 Nf6 2. c4 e6 3. Nc3 Bb4 4. e3 O-O 5. Bd3 d5 6. Nf3 dxc4 7. Bxc4 c5 8. O-O
Nc6 9. dxc5 Qxd1 10. Rxd1 Bxc5 11. b3 Bd7 12. g4 Rfd8 13. g5 Ne8 14. Ne4 Be7 15.
Bb2 Na5 16. Be2 Bc6 17. Ned2 b6 18. h4 Bb7 19. a3 Nd6 20. Rac1 Rac8 21. Rxc8
Rxc8 22. b4 Nac4 23. Nxc4 Nxc4 24. Rd7 Bxf3 25. Bxf3 Bf8 26. Bd4 Nxa3 27. Rxa7
Nb5 28. Rb7 Nxd4 29. exd4 Bxb4 30. Rxb6 Be7 31. d5 exd5 32. Bxd5 g6 33. Kg2 Rc7
34. Rb7 Rxb7 35. Bxb7 Kg7 36. f4 h6 1/2-1/2

[Event "European Hybrid Swiss TB"]
[Site "Tornelo INT"]
[Date "2021.05.30"]
[Round "9.7"]
[White "Sjugirov, Sanan"]
[Black "Kozak, Adam"]
[Result "0-1"]
[WhiteTitle "GM"]
[BlackTitle "GM"]
[WhiteElo "2663"]
[BlackElo "2518"]
[WhiteFideId "4189302"]
[BlackFideId "753246"]
[EventDate "2021.05.30"]

1. Nf3 c5 2. e4 d6 3. d4 cxd4 4. Nxd4 Nf6 5. Nc3 a6 6. Be3 e5 7. Nf3 Qc7 8. a4
Be6 9. a5 Nbd7 10. Ng5 Qc6 11. Be2 Be7 12. Ra4 Nc5 13. Rb4 Nfd7 14. Nxe6 fxe6
15. O-O O-O 16. Bg4 Rf6 17. Bxc5 Nxc5 18. Rc4 b5 19. axb6 Qxb6 20. b4 Nb7 21.
Kh1 Nd8 22. Nd5 Qb5 23. Nxe7+ Kf8 24. Rc7 Rf7 25. Ng6+ hxg6 26. Qxd6+ Kg8 27. c4
Qb8 28. Rd7 Rxd7 29. Qxd7 Qxb4 30. Bxe6+ Nxe6 31. Qxe6+ Kh7 32. Qh3+ Kg8 33.
Qe6+ Kh7 34. Rd1 Qb3 35. Qg4 Qxc4 36. g3 Rf8 37. Kg2 Qf7 38. Rd2 a5 39. Qe2 a4
40. Qe3 Rb8 41. Qc5 Rb3 42. Qc1 Qf3+ 43. Kg1 Qxe4 44. Rd1 a3 45. Re1 Qd4 46. Qc2
Rb2 0-1

[Event "European Hybrid Swiss TB"]
[Site "Tornelo INT"]
[Date "2021.05.30"]
[Round "9.10"]
[White "Svane, Rasmus"]
[Black "Nguyen, Thai Dai Van"]
[Result "1/2-1/2"]
[WhiteTitle "GM"]
[BlackTitle "GM"]
[WhiteElo "2615"]
[BlackElo "2577"]
[WhiteFideId "4657101"]
[BlackFideId "358878"]
[EventDate "2021.05.30"]

1. Nf3 c5 2. c4 Nc6 3. Nc3 Nf6 4. g3 d5 5. cxd5 Nxd5 6. Bg2 Nc7 7. a3 g6 8. h4
Bg4 9. d3 Bg7 10. Be3 Nd4 11. Nh2 Be6 12. Rc1 O-O 13. h5 Nd5 14. Bxd4 cxd4 15.
Ne4 Qa5+ 16. Qd2 Qxd2+ 17. Nxd2 Rac8 18. O-O Bh6 19. Nhf3 gxh5 20. Rxc8 Rxc8 21.
Nb3 Ne3 22. fxe3 Bxe3+ 23. Kh2 Bxb3 24. Ne5 Rc5 25. Nc4 b5 26. Na5 Be6 27. Nc6
Rc2 28. Bf3 Bg4 29. Nxe7+ Kf8 30. Nd5 Rxb2 31. Nf6 Bxf3 32. Rxf3 Rxe2+ 33. Kh3
Ra2 34. Rf5 Rxa3 35. Rxb5 Rxd3 36. Re5 Rd1 37. Re8+ Kg7 38. Nxh5+ Kg6 39. g4
Rh1+ 40. Kg2 Rg1+ 41. Kf3 f5 42. Rg8+ Kf7 43. Rg7+ Kf8 44. Rd7 fxg4+ 45. Ke4 Rf1
46. Ng3 Rf7 47. Rd8+ Kg7 48. Rd6 Rf4+ 49. Ke5 Kf7 50. Rd7+ Kg6 51. Rd6+ Kg5 52.
Ne4+ Rxe4+ 53. Kxe4 h5 54. Rd5+ Kh4 55. Ra5 a6 56. Rd5 Kg3 57. Rxh5 Kg2 58. Ra5
g3 59. Rxa6 Bf2 60. Ra1 Be3 61. Ra2+ Bf2 62. Ra1 Be3 63. Ra2+ Bf2 64. Ra1 1/2-1/2

[Event "European Hybrid Swiss TB"]
[Site "Tornelo INT"]
[Date "2021.05.30"]
[Round "9.11"]
[White "Oparin, Grigoriy"]
[Black "Cheparinov, Ivan"]
[Result "1-0"]
[WhiteTitle "GM"]
[BlackTitle "GM"]
[WhiteElo "2652"]
[BlackElo "2667"]
[WhiteFideId "24125890"]
[BlackFideId "2905540"]
[EventDate "2021.05.30"]

1. Nf3 c5 2. c4 Nc6 3. d4 cxd4 4. Nxd4 Nf6 5. Nc3 e6 6. e4 Bb4 7. Nxc6 bxc6 8.
Bd3 e5 9. O-O O-O 10. h3 Bc5 11. Re1 Re8 12. Be3 Bxe3 13. Rxe3 Rb8 14. Qd2 d6
15. Rd1 Be6 16. Be2 Qc8 17. b3 Rd8 18. Rd3 Ne8 19. c5 Rb7 20. cxd6 Rbd7 21. Qe3
f6 22. Na4 Rxd6 23. Qxa7 Rxd3 24. Rxd3 Rxd3 25. Bxd3 Qd8 26. Nc5 Bf7 27. Qd7
Qxd7 28. Nxd7 Nd6 29. Kf1 Bg6 30. Nc5 Kf7 31. a4 Ke7 32. a5 Bf7 33. Ke2 Nc8 34.
b4 Kd6 35. Kd2 Na7 36. h4 Kc7 37. Ba6 Nb5 38. Bxb5 cxb5 39. g3 Kc6 40. Ke3 Kc7
41. f4 Bc4 42. fxe5 fxe5 43. a6 Kb6 44. Nd7+ Kxa6 45. Nxe5 Be6 46. Kd4 Kb6 47.
Nf3 Kc6 48. Ke5 Bc4 49. Ng5 1-0